000 00742nam a2200217 i 4500
001 7183
003 ES-MaACL
005 20250811062530.0
007 t|
008 901005s1987 sp a c |||| |dspa d
080 _a75.036(47)(064.3)
245 0 0 _aPintores rusos del siglo XIX
_b: del neoclasicismo a la revolución : Museo del Prado, Palacio de Villahermosa, marzo-junio 1987.
260 _aMadrid :
_bMinisterio de Cultura,
_c1987.
300 _a139 p. :
_bprincipalmente il. ;
_c27 cm.
650 4 _aPintura rusa-
_yS-XIX-
_vExposiciones.
_916089
655 7 _2tgfbne
_9193628
_aCatálogos de exposiciones
710 1 _aEspaña.
_bMinisterio de Cultura
_93850
852 _aES-MaACL
_jL-14436
942 _2udc
999 _c7183
_d7183